El arte español en los museos de la Europa central y oriental / (Record no. 16856)
[ view plain ]
| 000 -LEADER | |
|---|---|
| campo de control de longitud fija | 01422nam a2200301 i 4500 |
| 001 - NÚMERO DE CONTROL | |
| campo de control | 16856 |
| 003 - IDENTIFICADOR DE NÚMERO DE CONTROL | |
| campo de control | ES-MaACL |
| 005 - FECHA Y HORA DE LA ÚLTIMA TRANSACCIÓN | |
| campo de control | 20250822081041.0 |
| 007 - CAMPO FIJO DE DESCRIPCIÓN FÍSICA--INFORMACIÓN GENERAL | |
| campo de control de longitud fija | t| |
| 008 - DATOS DE LONGITUD FIJA--INFORMACIÓN GENERAL | |
| campo de control de longitud fija | 001115s1912 sp ||||1| spa d |
| 080 ## - NÚMERO DE LA CLASIFICACIÓN DECIMAL UNIVERSAL | |
| Número de la Clasificación Decimal Universal | 7(460)(073) |
| 100 0# - ENTRADA PRINCIPAL--NOMBRE DE PERSONA | |
| Nombre de persona | Tormo y Monzó, Elías, |
| Fechas asociadas al nombre | 1869-1957 |
| 9 (RLIN) | 110657 |
| 245 13 - MENCIÓN DEL TÍTULO | |
| Título | El arte español en los museos de la Europa central y oriental / |
| Mención de responsabilidad, etc. | programa de las Conferencias de Don Elías Tormo. |
| 260 ## - PUBLICACIÓN, DISTRIBUCIÓN, ETC. | |
| Lugar de publicación, distribución, etc. | [Madrid] : |
| Nombre del editor, distribuidor, etc. | [s.n., |
| Fecha de publicación, distribución, etc. | 1912] ( |
| Fabricante | Tipografía Artística) |
| 300 ## - DESCRIPCIÓN FÍSICA | |
| Extensión | 16 p. ; |
| Dimensiones | 16 cm. |
| 490 1# - MENCIÓN DE SERIE | |
| Mención de serie | Conferencias y cursos breves de arte y literatura |
| 500 ## - NOTA GENERAL | |
| Nota general | En la cubierta: Conferencias y cursos breves de arte y literatura organizados por el Ministerio de Instrucción Pública y Bellas Artes, 1912. |
| 500 ## - NOTA GENERAL | |
| Nota general | Las conferencias de este programa fueron dictadas en el Ateneo de Madrid el año 1912. |
| 610 2# - PUNTO DE ACCESO ADICIONAL DE MATERIA--NOMBRE DE ENTIDAD CORPORATIVA | |
| Nombre de entidad corporativa o nombre de jurisdicción como elemento de entrada | Ateneo de Madrid- |
| Subdivisión de forma | Conferencias- |
| -- | Programas. |
| 9 (RLIN) | 1909 |
| 610 2# - PUNTO DE ACCESO ADICIONAL DE MATERIA--NOMBRE DE ENTIDAD CORPORATIVA | |
| Nombre de entidad corporativa o nombre de jurisdicción como elemento de entrada | Ateneo de Madrid- |
| Subdivisión de forma | Obras digitalizadas. |
| 9 (RLIN) | 1930 |
| 650 17 - PUNTO DE ACCESO ADICIONAL DE MATERIA--TÉRMINO DE MATERIA | |
| Término de materia o nombre geográfico como elemento de entrada | Arte español |
| Fuente del encabezamiento o término | embne |
| 9 (RLIN) | 10189 |
| 710 1# - ENTRADA AGREGADA--NOMBRE DE ENTIDAD CORPORATIVA | |
| Nombre de entidad corporativa o nombre de jurisdicción como elemento de entrada | España. |
| Unidad subordinada | Ministerio de Instrucción Pública y Bellas Artes |
| 9 (RLIN) | 226896 |
| 710 2# - ENTRADA AGREGADA--NOMBRE DE ENTIDAD CORPORATIVA | |
| Nombre de entidad corporativa o nombre de jurisdicción como elemento de entrada | Ateneo de Madrid. |
| 9 (RLIN) | 1875 |
| 830 00 - PUNTO DE ACCESO ADICIONAL DE SERIE-TÍTULO UNIFORME | |
| Título uniforme | Conferencias y cursos breves de arte y literatura (Ateneo de Madrid) |
| 9 (RLIN) | 180052 |
| 852 ## - LOCALIZACIÓN | |
| Ubicación | ES-MaACL |
| Número de control de estantería | T-1354-F-2 |
| 856 4# - LOCALIZACIÓN Y ACCESO ELECTRÓNICOS | |
| Identificador Uniforme de Recursos | <a href="http://www.ateneodemadrid.com/biblioteca_digital/folletos/Folletos-0215.pdf">http://www.ateneodemadrid.com/biblioteca_digital/folletos/Folletos-0215.pdf</a> |
| Nota pública | Ver documento |
| Estatus retirado | Estado de pérdida | Estado de daño | No para préstamo | Colección | Biblioteca de origen | Biblioteca actual | Ubicación en estantería | Fecha de adquisición | Fuente de adquisición | Total de préstamos | Signatura topográfica completa | Código de barras | Visto por última vez | Precio de reemplazo | Tipo de ítem Koha |
|---|---|---|---|---|---|---|---|---|---|---|---|---|---|---|---|
| Colección de folletos | Biblioteca del Ateneo de Madrid | Biblioteca del Ateneo de Madrid | Depósito folletos | 17/01/2008 | T-1354-F-2 | 1017121 | 23/02/2023 | 23/02/2023 | Folleto |
